02692 2200421 4500001002100000005001500021035002000036007000300056008004100059336002100100337002300121338003800144040002200182100010800204245037300312300003100685020002200716082001500738084001700753264003800770500006900808538007600877650003300953852002000986856007601006710017701082700007901259700012001338700012401458700011901582700012001701700011701821700012001938700008102058700008702139990002202226990002202248INLIS00000000086291020210726020202 a0010-0721001145ta210708s2014 yoia gs ind d 2rdacontentateks 2rdamediaakomputer 2rdacarrierasumber sambung jaring aYOPDYOGbinderda0 aBaskara T. Wardaya SJepenulistTragedi kemanusiaan tahun 1965-1966 di Indonesia, konteks dan dampaknya10aLuka bangsa luka kita :bpelanggaran HAM masa lalu dan tawaran rekonsiliasi [sumber elektronik] /cpenulis, Baskara T. Wardaya SJ, Komisi Nasional Hak Asasi Manusia Republik Indonesia, Stanley Adi Prasetyo, Ita F. Nadia, Asvi Warman Adam, Agung Putri, Ahmad Suaedi, Elfansuri, M.M. Billah, Yosef Djakababa, Nurlaela A.K. Lamasitudju; penyunting, Baskara T. Wardaya SJ a1 berkas komputer (7.1 MB) a978-602-9431-32-204223a341.48 a341.48 BAS l31aYogyakarta :bGalang Press,c2014 aUntuk mengakses buku ini silakan unduh aplikasi http://ijogja.id aAndroid : versi 4.0 atau di atasnya, memori 1 GB, layar tampilan 4-inch 4aKejahatan terhadap hak asasi8 aaplikasi iJogja40nPerpustakaan Digital iJogjauhttp://ijogja.id /publications/books/150352 aKomisi Nasional Hak Asasi Manusia Republik IndonesiaepenulistRingkasan eksekutif hasil penyelidikan Tim Ad Hoc Penyelidikan PElanggaran HAM yang berat peristiwa 1965-19660 aStanley Adi PrasetyoepenulistPenyelidikan pelanggaran HAM berat Soeharto0 aIta F. NadiaepenulistLaporan akhir Tim Pengkajian Pelanggaran HAM berat Soeharto (Sub-Tim Pengkajian kasus 1965)0 aAsvi Warman AdamepenulistLaporan akhir Tim Pengkajian Pelanggaran HAM berat Soeharto (Sub-Tim Pengkajian kasus 1965)0 aAgung PutriepenulistLaporan akhir Tim Pengkajian Pelanggaran HAM berat Soeharto (Sub-Tim Pengkajian kasus 1965)0 aAhmad SuaediepenulistLaporan akhir Tim Pengkajian Pelanggaran HAM berat Soeharto (Sub-Tim Pengkajian kasus 1965)0 aElfansuriepenulistLaporan akhir Tim Pengkajian Pelanggaran HAM berat Soeharto (Sub-Tim Pengkajian kasus 1965)1 aBillah, M.M.epenulistLaporan akhir Tim Pengkajian Pelanggaran HAM berat Soeharto (Sub-Tim Pengkajian kasus 1965)0 aYosef DjakababaepenulistNarasi resmi dan alternatif mengenai tragedi ‘650 aNurlaela A.K. LamasitudjuepenulistRekonsiliasi dan pernyataan maaf Pak Wali Kota a001989-EPD/B.2016 a001990-EPD/B.2016